Reglamento especial para los departamentos de fátuos / Casa de Caritat
Descripción Física:
4 p. ; 26 cm
MARC
| LEADER | 00000nam a2200000Ia 4500 | ||
|---|---|---|---|
| 001 | 8750 | ||
| 008 | 160829s1880?] xx 000 0 cat d | ||
| 080 | |a RF-10-8 | ||
| 110 | |a Casa de Caritat (Barcelona, Catalunya) |9 52406 | ||
| 245 | |a Reglamento especial para los departamentos de fátuos / Casa de Caritat | ||
| 260 | |a Barcelona : |b [s.n., |c 1880?] | ||
| 300 | |a 4 p. ; |c 26 cm | ||
| 610 | 2 | 0 | |a Casa de Caritat (Barcelona, Catalunya) |x Reglaments i procediment |9 54379 |
| 710 | |a Casa de Caritat (Barcelona, Catalunya) |9 52406 | ||
| 856 | 4 | |u https://media.diba.cat/diba/fitxers/arxiu/fulletons/bib_8750_1880_baixa.pdf |y Accés lliure | |
| 856 | 4 | |u https://media.diba.cat/diba/fitxers/arxiu/fulletons/bib_8750_1880_baixa.pdf |y Accés lliure | |
| 901 | |a Arxiu | ||
| 942 | |n 1 |2 udc | ||
| 952 | |0 0 |1 0 |4 0 |6 RF108 |7 1 |9 47464 |a Arxiu |b Arxiu |d 2016-12-01 |l 0 |o RF-10-8 |p 8750 |r 2016-12-01 00:00:00 |w 2016-12-01 |y ARXIU | ||
| 999 | |c 51262 |d 51262 | ||
| 900 | |a bib_8750_1880_baixa.pdf | ||